=LDR 00000nam 2200000 4500 =001 INLIS000000000061073 =005 20220607101823 =035 ##$$a 0010-0622000063 =007 ta =008 220607###########################0#ind## =020 ##$$a 978-602-02-1735-2 =082 ##$$a 297.43 =084 ##$$a 297.43 Aku a =245 ##$$a Aku, kau, dan kua =250 ##$$a cet 6 =260 ##$$a Jakarta :$b Elex Media komputindo,$c 2013 =300 ##$$a 196 halaman : $b ilustrasi ; $c 20 cm =650 #4$$a Perkawinan ( Hukum Islam ) =990 ##$$a 21042104